History Quiz

Random History or Famous Quiz

Famous Irish People Quiz Stats

Quiz Updated Mar 17, 2016

Challenge
Share
Tweet
Embed
Score 0/18 Timer 05:00
4 Plays Today
Clue Person % Correct
Actor who played James Bond in four films between 1995-2002.Pierce Brosnan
84.7%
Founder of a famous brewery in Dublin first introduced in the 18th century.Arthur Guinness
76.7%
Author of 'Portrait of the Artist as a Young Man', 'Ulysses' and 'Finnegans Wake'.James Joyce
75.8%
Novelist best known for his 1897 novel 'Dracula'.Abraham 'Bram' Stoker
74.2%
Writer and playwright of 'The Picture of Dorian Gray' and 'The Importance of Being Earnest'.Oscar Wilde
68.3%
Singer-songwriter and ordained priest who tore up a picture of Pope John Paul II live on TV in 1992.Sinéad O'Connor
65%
Singer with 'The Boomtown Rats' who founded 'Band Aid' in 1984 and organised 'Live Aid' in 1985 for famine relief.Bob Geldof
58.3%
Author of 'Gulliver's Travels' and 'A Tale of a Tub'.Jonathan Swift
55.4%
Irish revolutionary politician and signatory of the Anglo-Irish Treaty of 1921, shot dead by ambush in 1922.Michael Collins
49.9%
Clue Person % Correct
Republican politician, president of the Sinn Féin political party since 1983.Gerry Adams
44.7%
Manchester United international footballer, European Footballer of the Year 1968.George Best
42%
Poet who was the first Irish author awarded Nobel Prize in Literature, penned poem, 'Sailing to Byzantium'. W.B. Yeats
34.7%
Actress in the 1930-40s films 'Jamaica Inn', 'The Hunchback of Notre Dame', and 'How Green Was My Valley'.Maureen O'Hara
31.3%
First female President of Ireland 1990-1997.Mary Robinson
29.3%
17th century chemist best known for his law regarding the relationship between the absolute pressure and volume of a gas.Robert Boyle
27.8%
Twice World Champion snooker player nicknamed 'The People's Champion' and 'The Hurricane'.Alex Higgins
27.2%
Explorer who led three British Antarctic expeditions in the early 1900s.Ernest Shackleton
22.5%
Politician and founder of the Irish Parliamentary Party (Home Rule Party) in 1882.Charles Parnell
14.1%

You're not logged in!

Compare scores with friends on all Sporcle quizzes.
Sign Up with Email
OR
Log In

You Might Also Like...

Show Comments

Extras

Top Quizzes Today


Score Distribution

Your Account Isn't Verified!

In order to create a playlist on Sporcle, you need to verify the email address you used during registration. Go to your Sporcle Settings to finish the process.

Report this User

Report this user for behavior that violates our Community Guidelines.

Details: